000
00210 a2200097 4500
001
10886
100
_a
Grinker, R.
245
_a
Men Under Stress
260
_a
_b
Routledge & kegan Paul
_c
090
_c
8459
_d
8459
942
_a
NUST-CAE
_c
M
_c
35221
999
_c
245959
_d
245959